[Event "20th WCh U20 Girls"]
[Site "Panaji IND"]
[Date "2002.12.16"]
[Round "9"]
[White "Ubiennykh, Ekaterina"]
[Black "Kosintseva, Tatiana"]
[Result "1/2-1/2"]
[WhiteElo "2210"]
[BlackElo "2427"]
[EventDate "2002.12.09"]
[PlyCount "141"]

1.d4 f5 2.g3 Nf6 3.Bg2 g6 4.Nf3 Bg7 5.O-O O-O 6.c4 d6 7.Nc3 Qe8 8.d5 a5 9.
Rb1 Na6 10.Be3 Bd7 11.a3 a4 12.Nd4 Ng4 13.Bf4 Nc5 14.e4 fxe4 15.Nxe4 Bxd4 
16.Qxd4 e5 17.dxe6 Nxe6 18.Qd2 Nxf4 19.gxf4 Qf7 20.h3 Nh6 21.c5 Qxf4 22.
Qd5+ Nf7 23.Qxb7 Ne5 24.Qd5+ Kh8 25.Qd4 dxc5 26.Qc3 Rae8 27.Nxc5 Bb5 28.
Rfe1 Qxf2+ 29.Kh1 Qf6 30.b3 axb3 31.Rxb3 Bc6 32.Ne4 Bxe4 33.Rxe4 c6 34.Rb2
Re7 35.Rbe2 Rfe8 36.a4 Kg8 37.a5 Qd6 38.a6 Nf7 39.Rxe7 Rxe7 40.Rxe7 Qxe7 
41.Qa1 Qa7 42.Bxc6 h5 43.Bd5 Qd7 44.Bg2 Qa7 45.Qa5 Kg7 46.Qa1+ Kh7 47.Qa3 
Kg7 48.Qb2+ Kh6 49.Qf6 Qc7 50.Qc6 Qa7 51.Be4 Ne5 52.Qc1+ Kh7 53.Qa1 Qe3 
54.Qxe5 Qe1+ 55.Kh2 Qe2+ 56.Kg3 Qxa6 57.Qe7+ Kh6 58.Qf8+ Kh7 59.h4 Qe6 60.
Qf4 Kg7 61.Qc7+ Kh6 62.Qc1+ Kg7 63.Qb2+ Kh7 64.Bf3 Qd6+ 65.Kh3 Qe6+ 66.Kg2
Qd6 67.Qa2 Qe7 68.Qa4 Qd6 69.Qc4 Qd2+ 70.Kf1 Qd7 71.Qe4 1/2-1/2

[Event "20th WCh U20 Girls"]
[Site "Panaji IND"]
[Date "2002.12.16"]
[Round "9"]
[White "Humpy, Koneru"]
[Black "Priya Panneer, Ramachandran"]
[Result "1-0"]
[WhiteElo "2484"]
[BlackElo "2106"]
[EventDate "2002.12.09"]
[PlyCount "85"]

1.d4 Nf6 2.Nf3 e6 3.c4 b6 4.g3 Bb7 5.Bg2 Be7 6.O-O O-O 7.Nc3 Ne4 8.Qc2 
Nxc3 9.Qxc3 c5 10.Rd1 d6 11.Qc2 Qc7 12.d5 exd5 13.cxd5 Na6 14.Ng5 Bxg5 15.
Bxg5 Nb4 16.Qd2 b5 17.e4 Rfe8 18.a3 Na6 19.b3 Nb8 20.Be3 a5 21.Rac1 Nd7 
22.f4 f6 23.Bf2 Kh8 24.h4 Ba6 25.h5 h6 26.g4 c4 27.b4 axb4 28.axb4 Kh7 29.
Bd4 Bb7 30.Qc2 Kh8 31.Qc3 Kh7 32.Rf1 Qd8 33.Rc2 Qe7 34.Rcf2 Rf8 35.g5 hxg5
36.fxg5 fxg5 37.Rf5 Rxf5 38.Rxf5 Rf8 39.Rxf8 Qxf8 40.Bh3 Bc8 41.Bf5+ Kh6 
42.Qh3 Qe7 43.Be6 1-0

[Event "20th WCh U20 Girls"]
[Site "Panaji IND"]
[Date "2002.12.16"]
[Round "9"]
[White "Matras, Agnieszka"]
[Black "Tian Tian"]
[Result "0-1"]
[WhiteElo "2247"]
[BlackElo "2311"]
[EventDate "2002.12.09"]
[PlyCount "160"]

1.e4 c6 2.d4 d5 3.exd5 cxd5 4.c4 Nf6 5.Nc3 e6 6.Nf3 Bb4 7.cxd5 Nxd5 8.Bd2 
Nc6 9.Bd3 Be7 10.a3 O-O 11.O-O Nf6 12.Be3 b6 13.Bc2 Bb7 14.Qd3 Rc8 15.Rfd1
g6 16.Bh6 Re8 17.Rac1 a6 18.b4 a5 19.b5 Nb8 20.a4 Nd5 21.Bb3 Nxc3 22.Rxc3 
Bf6 23.Ne5 Qd6 24.Bf4 Qb4 25.Rc4 Rxc4 26.Nxc4 Bd5 27.Bd2 Bxc4 28.Bxc4 Qd6 
29.d5 e5 30.Bc1 e4 31.Qe3 Qc7 32.Bb3 Qd6 33.Bc2 Nd7 34.Ba3 Qe5 35.Qh3 e3 
36.fxe3 Qxe3+ 37.Qxe3 Rxe3 38.Rd3 Rxd3 39.Bxd3 Bd4+ 40.Kf1 f5 41.Bc4 Bc5 
42.Bb2 Kf8 43.Ke2 Ke7 44.Kf3 Kd6 45.Kf4 Bb4 46.Bd4 Bd2+ 47.Kf3 Bb4 48.g4 
fxg4+ 49.Kxg4 Bc5 50.Bb2 Be3 51.Kf3 Bg1 52.Ba3+ Ke5 53.Bb2+ Bd4 54.Ba3 Bc3
55.h3 Bd4 56.Bb3 Bc3 57.Bc4 Ba1 58.Bb3 Kd4 59.Kf4 Kc3 60.Bd1 Kc4 61.Bg4 
Nf6 62.d6 Kb3 63.Bc5 Kxa4 64.Bxb6 Nd5+ 65.Kg5 Bf6+ 66.Kh6 Nxb6 67.Kxh7 g5 
68.Kg6 Bd8 69.Kf7 Kxb5 70.Ke8 Kc6 71.Kxd8 Kxd6 72.Ke8 a4 73.Bd1 Ke6 74.Bc2
a3 75.Bb3+ Kf6 76.Kd8 Na4 77.Kd7 Nc3 78.Kd6 a2 79.Bxa2 Nxa2 80.Kd5 Kf5 0-1

[Event "20th WCh U20 Girls"]
[Site "Panaji IND"]
[Date "2002.12.16"]
[Round "9"]
[White "Helm, Leonie"]
[Black "Milliet, Sophie"]
[Result "0-1"]
[WhiteElo "2235"]
[BlackElo "2164"]
[EventDate "2002.12.09"]
[PlyCount "46"]

1.e4 c6 2.d4 d5 3.e5 Bf5 4.Nc3 e6 5.g4 Bg6 6.Nge2 Ne7 7.Nf4 c5 8.Be3 Nd7 
9.h4 cxd4 10.Bxd4 Nc6 11.f3 Bxc2 12.Qd2 Nxd4 13.Qxd4 h6 14.Rc1 Bc5 15.Qd2 
Bh7 16.Bb5 Be7 17.Ncxd5 exd5 18.e6 O-O 19.Bxd7 Bxh4+ 20.Kf1 Bg5 21.Qd4 
Bxf4 22.Qxf4 fxe6 23.Bxe6+ Kh8 0-1

[Event "20th WCh U20 Girls"]
[Site "Panaji IND"]
[Date "2002.12.16"]
[Round "9"]
[White "Jackova, Jana"]
[Black "Rajalakshmi, C. V."]
[Result "1/2-1/2"]
[WhiteElo "2361"]
[BlackElo "2018"]
[EventDate "2002.12.09"]
[PlyCount "208"]

1.e4 c6 2.d4 d5 3.Nd2 dxe4 4.Nxe4 Bf5 5.Ng3 Bg6 6.Bc4 e6 7.N1e2 Bd6 8.O-O 
Qc7 9.f4 Ne7 10.Kh1 Nd7 11.Bd3 Nf6 12.c4 c5 13.b4 b6 14.dxc5 bxc5 15.Bb2 
Ng4 16.Qb3 O-O 17.b5 Rad8 18.Bxg6 hxg6 19.Ne4 Nf5 20.Qh3 Nfh6 21.Qc3 Nf5 
22.Qh3 Nfh6 23.Qc3 Nf5 24.Qf3 Ngh6 25.Kg1 Be7 26.a4 Nd6 27.Nxd6 Qxd6 28.
Be5 Qd3 29.Qxd3 Rxd3 30.Rfd1 Rxd1+ 31.Rxd1 Rd8 32.Rxd8+ Bxd8 33.h3 f6 34.
Bb8 Bb6 35.g4 Nf7 36.Nc1 Nd8 37.a5 Bxa5 38.Bxa7 Nb7 39.Nd3 Nd6 40.Nxc5 
Nxc4 41.Nxe6 Kf7 42.Nd4 Bb6 43.Bxb6 Nxb6 44.Kf2 Nd5 45.Kf3 Ke7 46.h4 Kd6 
47.f5 Ne7 48.Ke4 g5 49.hxg5 fxg5 50.Nf3 Nd5 51.Nxg5 Nc3+ 52.Kf4 Nxb5 53.
Ne4+ Ke7 54.Ke5 Na3 55.g5 Nc4+ 56.Kd4 Na5 57.Kd5 Nb7 58.Ke5 Nd8 59.Nc5 
Nf7+ 60.Kf4 Nd6 61.g6 Kf8 62.Kg5 Ne8 63.Ne4 Kg8 64.Kf4 Nf6 65.Kf3 Nd5 66.
Kg4 Nf6+ 67.Kf4 Nd5+ 68.Kg5 Nc3 69.Nc5 Nd5 70.Nd7 Nc3 71.Kf4 Nd5+ 72.Ke5 
Nb4 73.Ke6 Nc6 74.Kd5 Ne7+ 75.Ke4 Nc6 76.Nc5 Ne7 77.Nd7 Nc6 78.Nb6 Ne7 79.
Ke5 Nc6+ 80.Kd5 Nb4+ 81.Kd6 Nc2 82.Nd5 Nd4 83.Ne7+ Kf8 84.Kd7 Nf3 85.Nc6 
Nd2 86.Nd4 Ne4 87.Ne6+ Kg8 88.Ke7 Nf6 89.Nf4 Ne4 90.Nd5 Ng3 91.Ne3 Ne4 92.
Ng4 Nc3 93.Kd6 Ne4+ 94.Ke5 Nd2 95.Ke6 Ne4 96.Kd5 Nc3+ 97.Kc4 Ne4 98.Kd4 
Nd6 99.Ke5 Nc4+ 100.Ke6 Nd2 101.Ke7 Ne4 102.Ke6 Kf8 103.f6 gxf6 104.Nxf6 
Kg7 1/2-1/2

[Event "20th WCh U20 Girls"]
[Site "Panaji IND"]
[Date "2002.12.16"]
[Round "9"]
[White "Anoori, Mehul Shah"]
[Black "Harika, Dronavalli"]
[Result "0-1"]
[WhiteElo "2109"]
[BlackElo "2248"]
[EventDate "2002.12.09"]
[PlyCount "190"]

1.c3 Nf6 2.d4 g6 3.Nf3 Bg7 4.Bf4 b6 5.e3 Bb7 6.Nbd2 d6 7.Be2 Nbd7 8.O-O 
O-O 9.Qc2 Qe8 10.e4 e5 11.dxe5 dxe5 12.Be3 h6 13.h3 Nh5 14.Nh4 Nf4 15.Bc4 
Kh8 16.Rfe1 Qe7 17.Bxf4 exf4 18.Nhf3 Rfe8 19.Bd5 c6 20.Bc4 Nf8 21.Rad1 Bc8
22.Nd4 Bd7 23.N2f3 Rac8 24.Qd2 b5 25.Bf1 a6 26.Qxf4 c5 27.Nb3 Rc6 28.Qd2 
Re6 29.Qd5 Rc8 30.e5 Be8 31.Na5 Bc6 32.Nxc6 Rexc6 33.Nd2 Re6 34.Nf3 Re8 
35.Qd2 Kh7 36.Qd5 Kg8 37.Qd2 g5 38.Qd5 Bxe5 39.Nxe5 Rxe5 40.Rxe5 Qxe5 41.
Qxe5 Rxe5 42.Rd6 Re6 43.Rd5 Rc6 44.Bd3 Ne6 45.Bf5 Kg7 46.Bxe6 Rxe6 47.Kf1 
c4 48.g3 Kf8 49.Rd2 Ke7 50.Kg2 Re1 51.Rc2 f5 52.f4 gxf4 53.gxf4 Kf7 54.Kf3
Rf1+ 55.Kg3 Rd1 56.Re2 Rd3+ 57.Kg2 Kf6 58.Rf2 Kg6 59.Rf3 Rd6 60.Rf2 Kh5 
61.Kg3 Rd3+ 62.Rf3 Rd1 63.Rf2 Rg1+ 64.Rg2 Rd1 65.Rf2 a5 66.a3 Rd5 67.Rf1 
Kg6 68.Rf2 Kf6 69.Re2 Rd3+ 70.Kg2 h5 71.Rf2 Ke6 72.Rf3 Kd5 73.a4 bxa4 74.
Rf2 Ke4 75.h4 a3 76.bxa3 Rxc3 77.a4 Ra3 78.Rf1 Rxa4 79.Kg3 Ra3+ 80.Kg2 c3 
81.Rf2 Rb3 82.Rf1 c2 83.Rc1 Kd3 84.Rf1 Rb1 85.Rf3+ Ke4 86.Rc3 c1=Q 87.Rxc1
Rxc1 88.Kg3 Rc3+ 89.Kf2 a4 90.Ke2 a3 91.Kd2 Kd4 92.Ke2 a2 93.Kd2 a1=Q 94.
Ke2 Qb2+ 95.Kd1 Rc1# 0-1

[Event "20th WCh U20 Girls"]
[Site "Panaji IND"]
[Date "2002.12.16"]
[Round "9"]
[White "Tania, Sachdev"]
[Black "Drljevic, Ljilja"]
[Result "1/2-1/2"]
[WhiteElo "2189"]
[BlackElo "2139"]
[EventDate "2002.12.09"]
[PlyCount "67"]

1.e4 d6 2.d4 Nf6 3.Nc3 g6 4.g3 Bg7 5.Bg2 O-O 6.Nge2 e5 7.h3 Nbd7 8.O-O Re8
9.Be3 c6 10.a4 Qc7 11.g4 Nf8 12.Qd2 Ne6 13.Rad1 a6 14.Rfe1 Rb8 15.f4 exd4 
16.Nxd4 Nc5 17.Bf2 Qa5 18.Rb1 Qb4 19.b3 Nfd7 20.Nde2 a5 21.Qxd6 Bxc3 22.
Bxc5 Nxc5 23.Nxc3 Be6 24.Qd2 Rbd8 25.Qe3 f5 26.gxf5 Bxf5 27.Qf3 Be6 28.
Rbd1 Bf7 29.Kh2 Ne6 30.Ne2 Qc5 31.c3 Qb6 32.f5 Nc5 33.Rxd8 Qxd8 34.Nd4 
1/2-1/2

[Event "20th WCh U20 Girls"]
[Site "Panaji IND"]
[Date "2002.12.16"]
[Round "9"]
[White "Holusova, Tana"]
[Black "Tsai, Cindy"]
[Result "1-0"]
[WhiteElo "2106"]
[BlackElo "2204"]
[EventDate "2002.12.09"]
[PlyCount "95"]

1.e4 c5 2.Nf3 d6 3.d4 cxd4 4.Nxd4 Nf6 5.Nc3 a6 6.Bg5 e6 7.f4 Be7 8.Qf3 Qc7
9.O-O-O Nbd7 10.g4 b5 11.Bxf6 Nxf6 12.g5 Nd7 13.f5 Bxg5+ 14.Kb1 Ne5 15.Qh5
Qe7 16.Nxe6 Bxe6 17.fxe6 g6 18.exf7+ Nxf7 19.Qe2 O-O 20.Nd5 Qe5 21.Bh3 Bf6
22.c3 Ng5 23.Bg2 Bd8 24.Nb4 Ne6 25.Qd2 Nf4 26.Bf3 Bc7 27.Rhf1 a5 28.Nc6 
Qe8 29.Bh1 g5 30.Nd4 Rb8 31.h4 Bd8 32.Nf5 d5 33.Rg1 Qe5 34.Nh6+ Kg7 35.Ng4
Qe6 36.exd5 Qf5+ 37.Ka1 Bb6 38.Ne3 Bxe3 39.Qxe3 h6 40.hxg5 hxg5 41.Qe7+ 
Rf7 42.Rxg5+ Ng6 43.Qe3 Qf6 44.Qg1 Re8 45.d6 b4 46.d7 Rd8 47.Be4 Kf8 48.
Rxg6 1-0

[Event "20th WCh U20 Girls"]
[Site "Panaji IND"]
[Date "2002.12.16"]
[Round "9"]
[White "Savic, Marijana"]
[Black "Vinuthna, N."]
[Result "1/2-1/2"]
[WhiteElo "2141"]
[BlackElo "2089"]
[EventDate "2002.12.09"]
[PlyCount "77"]

1.e4 g6 2.d4 Bg7 3.Nf3 d6 4.Nc3 a6 5.a4 Bg4 6.Be2 Nc6 7.Be3 Bxf3 8.Bxf3 e5
9.d5 Nd4 10.Bxd4 exd4 11.Ne2 Qf6 12.Qd3 Ne7 13.O-O O-O 14.g3 c5 15.Bg2 
Rab8 16.a5 Rfe8 17.f4 Nc8 18.b4 cxb4 19.Rfb1 Na7 20.Rxb4 Nb5 21.Rab1 Rbc8 
22.R1b3 Rc5 23.Kf2 Rec8 24.Bh3 R8c7 25.Rb2 Qe7 26.R4b3 Nc3 27.Bg2 Nxe2 28.
Kxe2 Rxa5 29.Rb6 Rxd5 30.Rxb7 Rxb7 31.Rxb7 Qxb7 32.exd5 a5 33.Qa3 Qc7 34.
Be4 Qe7 35.Kf3 Qc7 36.Kg2 Kf8 37.Bd3 Ke7 38.Qb3 Qa7 39.Bb5 1/2-1/2

[Event "20th WCh U20 Girls"]
[Site "Panaji IND"]
[Date "2002.12.16"]
[Round "9"]
[White "Prathiba, Yuvarajan"]
[Black "Nimmy, A. G."]
[Result "1-0"]
[WhiteElo "2223"]
[BlackElo "2004"]
[EventDate "2002.12.09"]
[PlyCount "89"]

1.e4 e5 2.Nf3 Nc6 3.Bb5 a6 4.Ba4 Nf6 5.O-O Nxe4 6.d4 b5 7.Bb3 d5 8.dxe5 
Be6 9.c3 Nc5 10.Bc2 Bg4 11.Re1 Be7 12.Nbd2 Qd7 13.Nb3 Ne6 14.h3 Bh5 15.Bf5
O-O 16.Nbd4 Ncxd4 17.cxd4 Bg6 18.Bg4 c5 19.Be3 c4 20.Nh2 Bb4 21.Bd2 Bxd2 
22.Qxd2 Qa7 23.Nf3 a5 24.a3 Qb6 25.Red1 b4 26.a4 Rac8 27.Rac1 Qc6 28.b3 c3
29.Qe3 c2 30.Re1 Qc3 31.Nh4 Qb2 32.f4 Be4 33.f5 Rc3 34.Qf2 Ng5 35.f6 Rxb3 
36.fxg7 Re8 37.Nf5 Bxf5 38.Bxf5 Rc3 39.Qh4 Re3 40.Qxg5 Rxe1+ 41.Rxe1 Qxd4+
42.Kh2 Qb6 43.Bxc2 Qf2 44.e6 Qxe1 45.Qf5 1-0

[Event "20th WCh U20 Girls"]
[Site "Panaji IND"]
[Date "2002.12.16"]
[Round "9"]
[White "Kurbanova, Maygozel"]
[Black "Nabeela, Farheen"]
[Result "1-0"]
[WhiteElo "2147"]
[BlackElo "2067"]
[EventDate "2002.12.09"]
[PlyCount "59"]

1.e4 e5 2.Nf3 Nc6 3.g3 Nf6 4.Bg2 Bc5 5.d3 d6 6.Nbd2 a6 7.O-O O-O 8.c3 Ba7 
9.h3 Ne7 10.Re1 Ng6 11.Nf1 Be6 12.g4 h5 13.g5 Nh7 14.h4 Bg4 15.N1h2 Nxh4 
16.Nxg4 Nxg2 17.Kxg2 hxg4 18.Nh4 Nxg5 19.Qxg4 Ne6 20.Nf5 Re8 21.Rh1 Qf6 
22.Qh3 Qg6+ 23.Kf1 f6 24.Ne7+ Rxe7 25.Qh8+ Kf7 26.Qxa8 Bb6 27.Rh8 Qg4 28.
Qg8+ Kg6 29.Bd2 Qf3 30.Rh6# 1-0

[Event "20th WCh U20 Girls"]
[Site "Panaji IND"]
[Date "2002.12.16"]
[Round "9"]
[White "Soumya, Swaminathan"]
[Black "Rajadharshini, M."]
[Result "0-1"]
[WhiteElo "2095"]
[BlackElo "2045"]
[EventDate "2002.12.09"]
[PlyCount "102"]

1.e4 c6 2.Nc3 d5 3.d4 dxe4 4.Nxe4 Bf5 5.Ng3 Bg6 6.h4 h6 7.Nf3 Nd7 8.h5 Bh7
9.Bd3 Bxd3 10.Qxd3 Qc7 11.Bd2 e6 12.O-O-O Ngf6 13.Ne4 O-O-O 14.c4 c5 15.
Nxf6 Nxf6 16.Bc3 cxd4 17.Bxd4 Bc5 18.Kb1 Bxd4 19.Nxd4 Kb8 20.Qe2 a6 21.g3 
Qc5 22.Nb3 Qf5+ 23.Ka1 Qe4 24.Nc1 Qxe2 25.Nxe2 Rxd1+ 26.Rxd1 Nxh5 27.Rd7 
Rf8 28.Nc3 Nf6 29.Re7 Ng8 30.Rd7 Kc8 31.Rd4 Nf6 32.Kb1 Rd8 33.Rxd8+ Kxd8 
34.Kc2 Kd7 35.Kd3 g5 36.Kd4 h5 37.f3 h4 38.g4 Kd6 39.c5+ Kc6 40.a4 h3 41.
Nd1 h2 42.Nf2 a5 43.Nh1 Nd7 44.b3 Nxc5 45.Kc4 Nd7 46.Kd4 Kd6 47.Kc4 Ne5+ 
48.Kb5 Nxf3 49.Kxa5 Kc5 50.b4+ Kc6 51.b5+ Kc5 0-1

[Event "20th WCh U20 Girls"]
[Site "Panaji IND"]
[Date "2002.12.16"]
[Round "9"]
[White "Coimbra, Margarida Goncalves"]
[Black "Lapinskaite, Sarune"]
[Result "1-0"]
[WhiteElo "2082"]
[BlackElo "2034"]
[EventDate "2002.12.09"]
[PlyCount "55"]

1.e4 c5 2.Nc3 Nc6 3.g3 g6 4.Bg2 Bg7 5.d3 d6 6.Be3 Bd7 7.Qd2 Rc8 8.Nge2 Nd4
9.O-O Bc6 10.Nc1 b5 11.Nd1 b4 12.c3 bxc3 13.bxc3 Nb5 14.a4 Nc7 15.d4 cxd4 
16.cxd4 d5 17.e5 e6 18.Nd3 Na6 19.Nc3 Ne7 20.Nb5 Bxb5 21.axb5 Nc7 22.Rxa7 
Nxb5 23.Rb7 Nc7 24.Rc1 h6 25.Qa5 Na8 26.Rxc8 Qxc8 27.Qb5+ Qc6 28.Rxe7+ 1-0

[Event "20th WCh U20 Girls"]
[Site "Panaji IND"]
[Date "2002.12.16"]
[Round "9"]
[White "Jennitha, Anto"]
[Black "Priyadarshini, M."]
[Result "0-1"]
[WhiteElo "1989"]
[BlackElo "2097"]
[EventDate "2002.12.09"]
[PlyCount "119"]

1.e4 c6 2.d4 d5 3.Nc3 dxe4 4.Nxe4 Bf5 5.Ng3 Bg6 6.h4 h6 7.Nh3 e6 8.Nf4 Bh7
9.Bc4 Nf6 10.c3 Bd6 11.Nfh5 Rg8 12.Qe2 Qe7 13.Bd2 Nbd7 14.O-O-O O-O-O 15.
Bb3 Nxh5 16.Nxh5 Nf6 17.Nxf6 Qxf6 18.Be3 Bc7 19.Bc2 Bxc2 20.Qxc2 Bb6 21.
Kb1 Rd7 22.g3 Rgd8 23.Rhe1 Qf3 24.Re2 e5 25.Red2 exd4 26.cxd4 Rd5 27.Rd3 
Qf6 28.Qc4 Qf5 29.Ka1 Kb8 30.Rc3 Qd7 31.a3 c5 32.Rdc1 Rc8 33.dxc5 Bxc5 34.
Bxc5 Rdxc5 35.Qf4+ R5c7 36.Kb1 b6 37.Rxc7 Rxc7 38.Rxc7 Qxc7 39.Qxc7+ Kxc7 
40.Kc2 Kd6 41.Kd3 Kd5 42.g4 g5 43.hxg5 hxg5 44.f3 b5 45.b3 a5 46.a4 Kc5 
47.Kc3 bxa4 48.bxa4 f6 49.Kd3 Kb4 50.Kd4 Kxa4 51.Kc4 Ka3 52.Kc3 a4 53.Kc2 
Kb4 54.Kb2 Kc4 55.Ka3 Kd4 56.Kxa4 Ke3 57.Kb3 Kxf3 58.Kc3 Kxg4 59.Kd3 f5 
60.Ke3 0-1

[Event "20th WCh U20 Girls"]
[Site "Panaji IND"]
[Date "2002.12.17"]
[Round "10"]
[White "Kosintseva, Nadezhda"]
[Black "Pogonina, Natalia"]
[Result "1-0"]
[WhiteElo "2388"]
[BlackElo "2397"]
[EventDate "2002.12.09"]
[PlyCount "117"]

1.e4 c5 2.c3 g6 3.Nf3 Bg7 4.d4 cxd4 5.cxd4 d5 6.e5 Nh6 7.h3 O-O 8.Be2 Nc6 
9.Nc3 Nf5 10.O-O e6 11.Bb5 Qb6 12.Bxc6 Qxc6 13.Bg5 h6 14.Bf4 Bd7 15.Qd2 
Kh7 16.Nh2 Qb6 17.Rad1 g5 18.Be3 f6 19.Ng4 Nxe3 20.Qxe3 f5 21.Nh2 Be8 22.
f4 gxf4 23.Rxf4 Rc8 24.Qe2 a6 25.Nf3 Qd8 26.Ne1 Qg5 27.Qf2 Rg8 28.Rd3 Bf8 
29.Ne2 Bb5 30.Rg3 Qh5 31.Rxg8 Kxg8 32.Nc3 Bd7 33.Nd3 b6 34.g4 fxg4 35.
Rxg4+ Bg7 36.Nf4 Qf7 37.Qh4 Kh7 38.Nce2 Rg8 39.Nh5 Bh8 40.Nef4 Qf8 41.Kh2 
Rxg4 42.Qxg4 Qf7 43.Qh4 Qf8 44.Qg3 Be8 45.Nxe6 Qf5 46.Nhf4 Qc2+ 47.Qg2 Qf5
48.Qg4 Qf7 49.Nxd5 Qf2+ 50.Qg2 Qf5 51.Ndf4 Qf7 52.Qe4+ Kg8 53.d5 Bd7 54.
Qg6+ Bg7 55.Nxg7 Bf5 56.Kg3 Bb1 57.h4 Bf5 58.a3 Bg4 59.Ngh5+ 1-0

[Event "20th WCh U20 Girls"]
[Site "Panaji IND"]
[Date "2002.12.17"]
[Round "10"]
[White "Kosintseva, Tatiana"]
[Black "Khasanova, Elmira"]
[Result "1-0"]
[WhiteElo "2427"]
[BlackElo "2325"]
[EventDate "2002.12.09"]
[PlyCount "261"]

1.c4 e6 2.g3 d5 3.Bg2 Nf6 4.Nf3 Be7 5.O-O O-O 6.cxd5 exd5 7.d4 c6 8.Nc3 
Re8 9.Qd3 Bd6 10.Nh4 Nbd7 11.Nf5 Bc7 12.b4 a6 13.a4 Nb6 14.Re1 Ne4 15.Ne3 
Qe7 16.a5 Nxc3 17.Qxc3 Nd7 18.Bxd5 Nf6 19.Bg2 Be6 20.Ba3 Qd7 21.Rad1 Rad8 
22.Bb2 Bh3 23.Nc2 Qf5 24.f3 Bxg2 25.Kxg2 Nd5 26.Qd3 Qg5 27.Bc1 Bf4 28.e3 
Bxe3 29.Rxe3 Nxe3+ 30.Bxe3 Qd5 31.Bf2 h5 32.h4 Qd6 33.Qc4 Re7 34.Ne3 Red7 
35.Qc3 Qf6 36.Nc4 Rd5 37.Re1 Rb5 38.Re5 Rbd5 39.Be3 Qg6 40.Re7 Rb5 41.Na3 
Qd6 42.Nxb5 Qxe7 43.Na3 Rd5 44.Nc2 Qf6 45.Qd3 Rd7 46.Bf2 Qd6 47.Qc4 Qf6 
48.Ne1 Rd5 49.Nd3 Rf5 50.Ne5 Qh6 51.Qd3 Qe6 52.Qe4 Rf6 53.Nd3 Qc4 54.Qe8+ 
Kh7 55.Nf4 Rf5 56.Qe4 g6 57.Nd3 Rf6 58.Qe7 Kg7 59.Ne5 Qb5 60.Nd7 Rf5 61.
Nc5 Kg8 62.Qxb7 Qxb7 63.Nxb7 Rb5 64.Nc5 Rxb4 65.Nxa6 Ra4 66.Nb8 Rxa5 67.
Nxc6 Ra6 68.Ne5 Kf8 69.f4 Ke7 70.Kf3 Ke6 71.Nd3 Ra3 72.Ke4 f5+ 73.Ke3 Kd5 
74.Ke2 Ke4 75.Nc5+ Kd5 76.Be3 Ra2+ 77.Kf3 Ra3 78.Nd7 Ra7 79.Nb6+ Kc6 80.
d5+ Kb5 81.Nc8 Rd7 82.d6 Kc6 83.Ne7+ Kxd6 84.Nxg6 Kd5 85.Ne5 Rg7 86.Nd3 
Rb7 87.Ke2 Rg7 88.Bf2 Re7+ 89.Kf3 Rb7 90.Ke3 Rb3 91.Ke2 Ra3 92.Be1 Kd4 93.
Bf2+ Kd5 94.Be3 Ke4 95.Nc5+ Kd5 96.Nd7 Ra6 97.Bd2 Rd6 98.Ne5 Ke4 99.Nf3 
Ra6 100.Ng5+ Kd5 101.Kd3 Rg6 102.Be1 Rg7 103.Nf3 Ra7 104.Nd4 Rf7 105.Bb4 
Rf6 106.Bc3 Rf7 107.Nf3 Rb7 108.Nd4 Rf7 109.Bd2 Rf8 110.Nb5 Rf7 111.Bb4 
Rb7 112.Nc3+ Ke6 113.Bc5 Rg7 114.Bf2 Rd7+ 115.Bd4 Rd8 116.Kc4 Rg8 117.Bf2 
Ra8 118.Bc5 Ra1 119.Ne2 Ra2 120.Nd4+ Kf6 121.Kd5 Rg2 122.Bd6 Ra2 123.Be5+ 
Kg6 124.Ke6 Ra6+ 125.Bd6 Ra1 126.Nxf5 Re1+ 127.Be5 Kh7 128.Ne7 Re2 129.f5 
Re1 130.f6 Rf1 131.f7 1-0

[Event "20th WCh U20 Girls"]
[Site "Panaji IND"]
[Date "2002.12.17"]
[Round "10"]
[White "Tian Tian"]
[Black "Zhao Xue"]
[Result "1/2-1/2"]
[WhiteElo "2311"]
[BlackElo "2367"]
[EventDate "2002.12.09"]
[PlyCount "94"]

1.e4 c5 2.Nc3 Nc6 3.g3 g6 4.Bg2 Bg7 5.d3 d6 6.Be3 Rb8 7.Qd2 b5 8.f4 b4 9.
Nd1 Qb6 10.Nf3 f5 11.O-O Nf6 12.exf5 gxf5 13.Kh1 O-O 14.Bg1 e6 15.Re1 Bd7 
16.d4 Rbd8 17.Ng5 Rfe8 18.d5 exd5 19.Bxd5+ Kf8 20.Ne3 Nd4 21.Bg2 h6 22.c3 
hxg5 23.cxd4 gxf4 24.gxf4 Ne4 25.dxc5 dxc5 26.Qc2 Rc8 27.Nxf5 Bxf5 28.Bxe4
Rxe4 29.Rxe4 Qb7 30.Re1 Bxe4+ 31.Qxe4 Qxe4+ 32.Rxe4 c4 33.Bd4 c3 34.Bxg7+ 
Kxg7 35.bxc3 bxc3 36.Re1 Kf6 37.Kg2 Kf5 38.Kf3 Rc4 39.Rc1 Rxf4+ 40.Ke3 Rh4
41.Rc2 Ke5 42.Kd3 Rh3+ 43.Kc4 Kd6 44.a4 a5 45.Rxc3 Rxh2 46.Kb5 Rh5+ 47.Kb6
Kd7 1/2-1/2

[Event "20th WCh U20 Girls"]
[Site "Panaji IND"]
[Date "2002.12.17"]
[Round "10"]
[White "Wang Yu"]
[Black "Makka, Ioulia"]
[Result "1-0"]
[WhiteElo "2368"]
[BlackElo "2257"]
[EventDate "2002.12.09"]
[PlyCount "187"]

1.e4 c6 2.d4 d5 3.e5 Bf5 4.Nc3 a6 5.Be3 Qc7 6.Bd3 Bxd3 7.cxd3 e6 8.Rc1 f5 
9.Nh3 h6 10.Nf4 Qf7 11.Qb3 b5 12.h4 g6 13.a3 Ne7 14.a4 Bg7 15.axb5 cxb5 
16.Nxb5 axb5 17.Qxb5+ Nd7 18.Rc7 Rd8 19.Bd2 Nc8 20.Qc6 O-O 21.Nxe6 Ne7 22.
Nxd8 Rxd8 23.e6 Qf8 24.Qd6 Nc8 25.Qxf8+ Nxf8 26.e7 Re8 27.Rxc8 Rxc8 28.
exf8=Q+ Kxf8 29.O-O Bxd4 30.Bxh6+ Kf7 31.Rc1 Rb8 32.Rc7+ Ke6 33.Bg7 Bxb2 
34.Bxb2 Rxb2 35.Rc6+ Kf7 36.Rd6 Rb1+ 37.Kh2 Rb4 38.Rxd5 Rxh4+ 39.Kg3 Ra4 
40.Kf3 Ke6 41.Rb5 Ra3 42.Ke3 Ra2 43.Rb6+ Kf7 44.g3 g5 45.Rd6 f4+ 46.Kf3 
Ke7 47.Rd4 Rd2 48.gxf4 gxf4 49.Re4+ Kd6 50.d4 Kd5 51.Rxf4 Rd3+ 52.Kg4 Rd1 
53.Kf5 Rh1 54.f3 Rh8 55.Kg4 Rg8+ 56.Kh3 Rg1 57.Rg4 Rh1+ 58.Kg3 Rd1 59.Kh4 
Rf1 60.Rf4 Rg1 61.Kh3 Rh1+ 62.Kg3 Rf1 63.Rh4 Re1 64.Kf2 Re8 65.Kg3 Re1 66.
Kf4 Kxd4 67.Kf5+ Kd5 68.Re4 Rg1 69.Re2 Kd6 70.Kf6 Rf1 71.Rd2+ Kc5 72.Rd3 
Kc4 73.Ra3 Kd5 74.Kf5 Kd6 75.Re3 Rg1 76.Kf6 Rg8 77.Rd3+ Kc5 78.Kf7 Rg3 79.
Ke6 Kc4 80.Ra3 Kd4 81.Ra4+ Ke3 82.f4 Rg4 83.Ke5 Kd3 84.Ra3+ Kc4 85.f5 Rg1 
86.Re3 Ra1 87.f6 Ra5+ 88.Ke6 Kd4 89.Re1 Ra6+ 90.Kf5 Ra2 91.f7 Kd5 92.Kf6 
Ra6+ 93.Kg7 Ra7 94.Kg8 1-0

[Event "20th WCh U20 Girls"]
[Site "Panaji IND"]
[Date "2002.12.17"]
[Round "10"]
[White "Tsai, Cindy"]
[Black "Prathiba, Yuvarajan"]
[Result "0-1"]
[WhiteElo "2204"]
[BlackElo "2223"]
[EventDate "2002.12.09"]
[PlyCount "106"]

1.d4 e6 2.c4 f5 3.g3 c6 4.Bg2 d5 5.Nf3 Bd6 6.Bf4 Be7 7.Nc3 Nf6 8.O-O O-O 
9.e3 Ne4 10.Qb3 Nd7 11.Nxe4 fxe4 12.Nd2 g5 13.Be5 Nxe5 14.dxe5 Qb6 15.g4 
Bd7 16.Rac1 Kh8 17.a3 Rac8 18.Qc3 c5 19.cxd5 exd5 20.e6+ Bf6 21.exd7 Bxc3 
22.dxc8=Q Rxc8 23.bxc3 Qa5 24.Nb1 b5 25.Rfd1 Rd8 26.f3 exf3 27.Bxf3 Qa4 
28.c4 d4 29.exd4 cxd4 30.c5 Qb3 31.Nd2 Qxa3 32.c6 Rc8 33.Ra1 Qe3+ 34.Kg2 
Rc7 35.Ra5 Rxc6 36.Bxc6 Qe2+ 37.Kg3 Qxd1 38.Nf3 Qc1 39.Ra6 b4 40.Bb5 b3 
41.Rxa7 Qf4+ 42.Kg2 Qxg4+ 43.Kf2 Qf5 44.Ra8+ Kg7 45.Ra7+ Kf8 46.Ra8+ Ke7 
47.Re8+ Kd6 48.Re5 Qf4 49.Bd3 g4 50.Rf5 Qe3+ 51.Kg3 Qxd3 52.Kxg4 b2 53.
Rf6+ Ke7 0-1

[Event "20th WCh U20 Girls"]
[Site "Panaji IND"]
[Date "2002.12.17"]
[Round "10"]
[White "Rajadharshini, M."]
[Black "Jackova, Jana"]
[Result "0-1"]
[WhiteElo "2045"]
[BlackElo "2361"]
[EventDate "2002.12.09"]
[PlyCount "104"]

1.c4 e5 2.Nc3 Nf6 3.g3 d5 4.cxd5 Nxd5 5.Bg2 Nb6 6.Nf3 Nc6 7.O-O Be7 8.d3 
O-O 9.Bd2 Be6 10.Rc1 f6 11.Qc2 Nd4 12.Nxd4 exd4 13.Na4 Nxa4 14.Qxa4 c6 15.
b4 a6 16.Qc2 Qd7 17.a4 Rfe8 18.Rfe1 Bf8 19.e3 dxe3 20.fxe3 Kh8 21.Bc3 Rad8
22.d4 Bd6 23.e4 Bxb4 24.d5 Bc5+ 25.Kh1 cxd5 26.Bxf6 gxf6 27.Qxc5 d4 28.Qb4
d3 29.Red1 Bg4 30.Rd2 Rc8 31.Rf1 Be2 32.Re1 Re5 33.Bf1 a5 34.Qb6 Re6 35.
Qe3 Bxf1 36.Rxf1 Qxa4 37.Qxd3 Rce8 38.Rdf2 Qxe4+ 39.Qxe4 Rxe4 40.Rxf6 Re1 
41.Kg2 Rxf1 42.Kxf1 b5 43.Rb6 Re5 44.g4 a4 45.Ra6 Re3 46.Ra5 Rb3 47.Ke2 a3
48.Kd2 b4 49.Ra4 Rb2+ 50.Kc1 Rxh2 51.Rxb4 Rh1+ 52.Kc2 a2 0-1

[Event "20th WCh U20 Girls"]
[Site "Panaji IND"]
[Date "2002.12.17"]
[Round "10"]
[White "Drljevic, Ljilja"]
[Black "Zigangirova, Sofya"]
[Result "1/2-1/2"]
[WhiteElo "2139"]
[BlackElo "2241"]
[EventDate "2002.12.09"]
[PlyCount "35"]

1.e4 c5 2.Nf3 Nc6 3.g3 g6 4.Bg2 Bg7 5.O-O d6 6.Re1 Rb8 7.c3 e5 8.a3 Nge7 
9.b4 b5 10.d3 a5 11.Qb3 O-O 12.Be3 Qb6 13.Nbd2 Nd8 14.Qb2 Ne6 15.Rab1 Bd7 
16.Ng5 Nxg5 17.Bxg5 Nc6 18.Be3 1/2-1/2

[Event "20th WCh U20 Girls"]
[Site "Panaji IND"]
[Date "2002.12.17"]
[Round "10"]
[White "Harika, Dronavalli"]
[Black "Holusova, Tana"]
[Result "1-0"]
[WhiteElo "2248"]
[BlackElo "2106"]
[EventDate "2002.12.09"]
[PlyCount "87"]

1.Nf3 d5 2.d4 Nc6 3.c4 Nf6 4.cxd5 Qxd5 5.Nc3 Qa5 6.Bd2 Bg4 7.e3 Qh5 8.Be2 
Qa5 9.d5 Bxf3 10.gxf3 Ne5 11.f4 Ned7 12.e4 c6 13.dxc6 bxc6 14.Bf3 e5 15.
O-O Qc7 16.fxe5 Qxe5 17.Bg2 Bc5 18.Kh1 O-O 19.f4 Qe6 20.Qf3 h5 21.h3 Nb6 
22.Be3 Bxe3 23.Qxe3 Nc4 24.Qe2 Rad8 25.b3 Nb6 26.Rac1 Rd7 27.e5 Nfd5 28.
Qxh5 Nxc3 29.Rxc3 Nd5 30.Rg3 Ne7 31.Be4 g6 32.Qe2 Rfd8 33.Qh2 Nf5 34.Rg2 
Ne3 35.f5 Nxf1 36.fxe6 Rd1 37.exf7+ Kf8 38.Qg1 Ne3 39.Rf2 Rxg1+ 40.Kxg1 
Rd1+ 41.Kh2 g5 42.e6 Nf1+ 43.Kg2 Ne3+ 44.Kf3 1-0

[Event "20th WCh U20 Girls"]
[Site "Panaji IND"]
[Date "2002.12.17"]
[Round "10"]
[White "Priyadarshini, M."]
[Black "Helm, Leonie"]
[Result "1-0"]
[WhiteElo "2097"]
[BlackElo "2235"]
[EventDate "2002.12.09"]
[PlyCount "59"]

1.c4 c5 2.Nc3 Nc6 3.Nf3 g6 4.g3 Bg7 5.Bg2 Nf6 6.O-O O-O 7.d4 cxd4 8.Nxd4 
Nxd4 9.Qxd4 d6 10.Qd3 Bf5 11.e4 Be6 12.Bd2 Nd7 13.b3 Rc8 14.Rac1 Ne5 15.
Qe2 a6 16.Nd5 Bxd5 17.cxd5 Rxc1 18.Rxc1 f5 19.exf5 gxf5 20.Kh1 Ng6 21.f4 
Qb6 22.h4 Qb5 23.Qxb5 axb5 24.Bf1 Ra8 25.Rc2 Kf7 26.Bxb5 e5 27.dxe6+ Kxe6 
28.a4 Ne7 29.Bb4 Nd5 30.Bc4 1-0